Management Systems (Record no. 2386)

MARC details
005 - DATE AND TIME OF LATEST TRANSACTION
control field 20250516103602.0
020 ## - INTERNATIONAL STANDARD BOOK NUMBER
International Standard Book Number 03-068970-8
082 ## - DEWEY DECIMAL CLASSIFICATION NUMBER
Classification number 658. 403 GLA
100 ## - MAIN ENTRY--PERSONAL NAME
Author name GLANS, T. B.
245 ## - TITLE STATEMENT
Title Management Systems
260 ## - PUBLICATION, DISTRIBUTION, ETC.
Place of publication, distribution, etc. New York,
Name of publisher, distributor, etc. Holt,
Date of publication, distribution, etc. 1968
300 ## - PHYSICAL DESCRIPTION
Extent xv, 430p.: ill.; figure, table.
Other physical details Index.
Dimensions 26cm.
700 ## - ADDED ENTRY--PERSONAL NAME
Other authors/Editors GRAD, B, HPLSTEIN, D, MEYERS, W. E. & SCHMID, R. N.
942 ## - ADDED ENTRY ELEMENTS (KOHA)
Source of classification or shelving scheme Dewey Decimal Classification
Koha item type Books
Holdings
Date last seen Total checkouts Full call number Barcode Cost, replacement price Price effective from Koha item type Lost status Source of classification or shelving scheme Damaged status Not for loan Withdrawn status Home library Current library Shelving location Date acquired Cost, normal purchase price
05/16/2025   658. 403 GLA 0000008980 30000.00 05/16/2025 Books   Dewey Decimal Classification       College of Business Education Main Library College of Business Education Main Library General Collection 04/06/1990 10000.00